[Event "RUS-chT Blitz Women 2018"]
[Site "Sochi"]
[Date "2018.10.10"]
[Round "5"]
[White "Nebolsina, Vera"]
[Black "Maletina, Tatiana"]
[Result "0-1"]
[WhiteElo "2220"]
[BlackElo "2270"]
[Annotator "NA"]
[PlyCount "140"]
[EventDate "2018.10.10"]
[EventType "swiss"]
[EventCountry "RUS"]
[SourceTitle "playchess.com"]
[Source "ChessBase"]
[SourceQuality "1"]
[TimeControl "180+2"]

1. e4 {[%emt 0:00:00]} e6 {[%emt 0:00:00]} 2. d4 {[%emt 0:00:00]} d5 {[%emt 0:00:00]} 3. exd5 {[%emt 0:00:01]} exd5 {[%emt 0:00:01]} 4. Nf3 {[%emt 0:00:02]} Bd6 {[%emt 0:00:01]} 5. c4 {[%emt 0:00:02]} Nf6 {[%emt 0:00:06]} 6. Nc3 {[%emt 0:00:02]} O-O {[%emt 0:00:03]} 7. Be2 {[%emt 0:00:08]} dxc4 {[%emt 0:00:02]} 8. Bxc4 {[%emt 0:00:05]} Bg4 {[%emt 0:00:04]} 9. O-O {[%emt 0:00:06]} h6 {[%emt 0:00:01]} 10. Qd3 {[%emt 0:00:16]} Nc6 {[%emt 0:00:04]} 11. Ne2 {[%emt 0:00:12]} Nb4 {[%emt 0:00:24]} 12. Qb3 {[%emt 0:00:15]} c6 {[%emt 0:00:08]} 13. h3 {[%emt 0:00:06]} Bxf3 {[%emt 0:00:19]} 14. Qxf3 {[%emt 0:00:02]} Nbd5 {[%emt 0:00:01]} 15. Nf4 {[%emt 0:00:09]} Nxf4 {[%emt 0:00:15]} 16. Bxf4 {[%emt 0:00:01]} Bxf4 {[%emt 0:00:01]} 17. Qxf4 {[%emt 0:00:01]} Qd7 {[%emt 0:00:01]} 18. Rad1 {[%emt 0:00:06]} Rad8 {[%emt 0:00:01]} 19. Rfe1 {[%emt 0:00:08]} Rfe8 {[%emt 0:00:02]} 20. Re3 {[%emt 0:00:12]} Nd5 {[%emt 0:00:02]} 21. Bxd5 {[%emt 0:00:03]} Qxd5 {[%emt 0:00:01]} 22. a3 {[%emt 0:00:11]} c5 {[%emt 0:00:10]} 23. Rxe8+ {[%emt 0:00:16]} Rxe8 {[%emt 0:00:01]} 24. Qg4 {[%emt 0:00:06]} b6 {[%emt 0:00:26]} 25. dxc5 {[%emt 0:00:05]} Qxc5 {[%emt 0:00:01]} 26. Qd4 {[%emt 0:00:16]} Re1+ {[%emt 0:00:16]} 27. Kh2 {[%emt 0:00:01]} Rxd1 {[%emt 0:00:05]} 28. Qxd1 {[%emt 0:00:01]} Qxf2 {[%emt 0:00:01]} 29. Qd8+ {[%emt 0:00:02]} Kh7 {[%emt 0:00:00]} 30. Qd3+ {[%emt 0:00:02]} g6 {[%emt 0:00:02]} 31. Qd7 {[%emt 0:00:04]} a5 {[%emt 0:00:04]} 32. b4 {[%emt 0:00:07]} axb4 {[%emt 0:00:02]} 33. axb4 {[%emt 0:00:02]} h5 {[%emt 0:00:02]} 34. b5 {[%emt 0:00:15]} h4 {[%emt 0:00:02]} 35. Qd6 {[%emt 0:00:02]} g5 {[%emt 0:00:21]} 36. Qd3+ {[%emt 0:00:04]} Kh6 {[%emt 0:00:03]} 37. Qd6+ {[%emt 0:00:02]} Kg7 {[%emt 0:00:05]} 38. Qd7 {[%emt 0:00:12]} Kg6 {[%emt 0:00:05]} 39. Qd3+ {[%emt 0:00:06]} Kg7 {[%emt 0:00:08]} 40. Qd7 {[%emt 0:00:01]} Qf4+ {[%emt 0:00:05]} 41. Kh1 {[%emt 0:00:02]} Qf6 {[%emt 0:00:10]} 42. Qd5 {[%emt 0:00:08]} Kh6 {[%emt 0:00:01]} 43. Qa8 {[%emt 0:00:08]} Qf1+ {[%emt 0:00:05]} 44. Kh2 {[%emt 0:00:01]} Qxb5 {[%emt 0:00:02]} 45. Qh8+ {[%emt 0:00:04]} Kg6 {[%emt 0:00:01]} 46. Qg8+ {[%emt 0:00:01]} Kf6 {[%emt 0:00:01]} 47. Qh8+ {[%emt 0:00:02]} Ke7 {[%emt 0:00:01]} 48. Qb8 {[%emt 0:00:05]} f6 {[%emt 0:00:03]} 49. Qc7+ {[%emt 0:00:01]} Ke6 {[%emt 0:00:02]} 50. Qc8+ {[%emt 0:00:02]} Qd7 {[%emt 0:00:03]} 51. Qc4+ {[%emt 0:00:02]} Ke7 {[%emt 0:00:02]} 52. Qg8 {[%emt 0:00:02]} Qe6 {[%emt 0:00:05]} 53. Qh7+ {[%emt 0:00:05]} Kd6 {[%emt 0:00:01]} 54. Qb7 {[%emt 0:00:03]} Kc5 {[%emt 0:00:03]} 55. Qc7+ {[%emt 0:00:03]} Kb4 {[%emt 0:00:01]} 56. Qc2 {[%emt 0:00:03]} Qe5+ {[%emt 0:00:02]} 57. Kh1 {[%emt 0:00:01]} b5 {[%emt 0:00:01]} 58. Qd2+ {[%emt 0:00:03]} Ka3 {[%emt 0:00:03]} 59. Qd3+ {[%emt 0:00:02]} Ka4 {[%emt 0:00:02]} 60. Qc2+ {[%emt 0:00:01]} Ka5 {[%emt 0:00:03]} 61. Qd2+ {[%emt 0:00:01]} b4 {[%emt 0:00:01]} 62. Qd8+ {[%emt 0:00:02]} Ka4 {[%emt 0:00:02]} 63. Qa8+ {[%emt 0:00:03]} Kb3 {[%emt 0:00:02]} 64. Qf3+ {[%emt 0:00:01]} Ka2 {[%emt 0:00:03]} 65. Qa8+ {[%emt 0:00:03]} Kb1 {[%emt 0:00:02]} 66. Qa4 {[%emt 0:00:02]} Qc3 {[%emt 0:00:04]} 67. Kh2 {[%emt 0:00:04]} b3 {[%emt 0:00:03]} 68. Qe4+ {[%emt 0:00:02]} Ka2 {[%emt 0:00:07]} 69. Qa4+ {[%emt 0:00:01]} Kb2 {[%emt 0:00:02]} 70. Qe4 {[%emt 0:00:02]} Qe5+ {[%emt 0:00:01]} 0-1

[Event "RUS-chT Blitz Women 2018"]
[Site "Sochi"]
[Date "2018.10.10"]
[Round "5"]
[White "Shafigullina, Zarina"]
[Black "Faizutdinova, Diana"]
[Result "1-0"]
[WhiteElo "2150"]
[BlackElo "2061"]
[Annotator "TA"]
[PlyCount "55"]
[EventDate "2018.10.10"]
[EventType "swiss"]
[EventCountry "RUS"]
[SourceTitle "playchess.com"]
[Source "ChessBase"]
[SourceQuality "1"]

{[%evp 15,55,12,57,12,2,0,13,0,4,-21,-22,-27,-29,-26,-22,-17,-26,-109,0,0,18,0,0,0,80,38,153,140,139,105,252,132,327,126,797,786,1249,1152,1139,1099,2051,1959]} 1. d4 Nf6 2. Nf3 g6 3. g3 Bg7 4. Bg2 O-O 5. O-O c6 6. c4 d6 7. Nc3 Bf5 8. Qb3 Qc8 {LiveBook: 32 Partien. E62: Königsindisch (6...Sc6)} (8... Qb6 9. Qxb6 axb6 10. b3 Ne4 11. Bb2 Nxc3 12. Bxc3 Be4 13. Rfc1 Rd8 14. e3 d5 15. cxd5 cxd5 16. Ne1 Bxg2 17. Kxg2 {½-½ (35) Aleksandrov,A (2615)-Rakhmanov,A (2637) Khanty-Mansiysk 2015}) 9. Nh4 Be6 10. d5 $146 ({Vorgänger:} 10. Re1 Nbd7 11. d5 Nc5 12. Qc2 cxd5 13. cxd5 Bd7 14. e4 Qc7 15. h3 Rac8 16. Bd2 Ne8 {0-1 (33) Glinz,G-Cerutti,C Buenos Aires 2001}) 10... cxd5 {Die Stellung ist ausgeglichen.} 11. cxd5 Bd7 12. Bd2 Na6 13. Rac1 Nc5 14. Qd1 a5 15. Nf3 b5 16. a3 (16. Be3 $11) 16... a4 (16... b4 $17 17. Na2 Nxd5 18. axb4 axb4 19. Nxb4 Nxb4 20. Bxb4 Bxb2) 17. Nd4 $11 Rb8 18. Nc6 Bxc6 $1 19. dxc6 Rd8 (19... Nb3 $11) 20. Be3 Nb3 ({Lieber} 20... e6 $14) 21. Rc2 $16 e6 22. Ba7 $36 {[%mdl 2048] Weiss hat starke Initiative.} Ra8 (22... Ne8 $16 23. Bxb8 Qxb8) 23. c7 ({Viel schwächer ist} 23. Nxb5 $6 d5 $18) (23. Bb6 $18 Rf8 24. Qxd6 (24. Nxb5 Qa6 $14)) 23... Rxa7 $2 {[#]} (23... Qxc7 $16 24. Nxb5 (24. Bxa8 Qxa7 25. Bg2 Qb8 $14) 24... Qa5) 24. Nxb5 $2 (24. cxd8=R+ $18 Qxd8 25. Nxb5) 24... Ra6 $2 {[%mdl 8192]} (24... Rxc7 $16 25. Nxc7 (25. Rxc7 Qa6 $16) 25... Qd7) 25. Bb7 $18 {Weiß steht klar auf Gewinn.} Nc5 26. Bxc8 Rxc8 {[#]} 27. Rxc5 $1 dxc5 28. Qd8+ {Precision: Weiß = 35%, Schwarz = 24%.} 1-0

[Event "RUS-chT Blitz Women 2018"]
[Site "Sochi"]
[Date "2018.10.10"]
[Round "5"]
[White "Chan, Naruna"]
[Black "Vasilevich, Irina"]
[Result "0-1"]
[WhiteElo "1967"]
[BlackElo "2258"]
[Annotator "TA"]
[PlyCount "56"]
[EventDate "2018.10.10"]
[EventType "swiss"]
[EventCountry "RUS"]
[SourceTitle "playchess.com"]
[Source "ChessBase"]
[SourceQuality "1"]

{[%evp 9,56,6,19,0,10,-5,30,-5,-5,-12,10,-12,-8,-24,-23,-24,-18,-22,-24,-21,-15,-24,-6,-23,0,-28,-18,-23,0,0,3,3,4,-11,-10,-57,-61,-58,-16,-54,0,-51,-41,-126,-126,-126,-126,-235,0]} 1. e4 c5 2. c3 e6 3. d4 d5 4. exd5 exd5 5. Nf3 Nc6 {LiveBook: 1561 Games} 6. h3 {B22: Sicilian: 2 c3} (6. Be2 Nf6 7. O-O cxd4 8. Nxd4 Bd6 9. Be3 O-O 10. Nd2 Re8 11. h3 h6 12. N2f3 a6 13. Qc2 Bc7 14. Rad1 Qd6 15. Nf5 Bxf5 16. Qxf5 {0-1 (64) Hou,Y (2658)-Vitiugov,N (2734) Belokurikha 2018}) 6... Bd6 7. Bd3 Nge7 8. O-O {White has an edge.} c4 9. Bc2 Bf5 $146 ({Predecessor:} 9... O-O 10. b3 cxb3 11. axb3 a6 12. Re1 Bf5 13. Bxf5 Nxf5 14. Qd3 {0-1 (56) Feibert,F (2290)-Hammes,M (2365) Boeblingen 2005}) 10. Re1 {Bxf5 is the strong threat.} O-O 11. Bg5 {And now Bxf5 would win.} Bxc2 12. Qxc2 f6 13. Be3 Qd7 14. Nbd2 Rfe8 15. Nf1 Qf5 16. Qd2 b5 {[%cal Bb7b5,Bb5b4][%mdl 32]} 17. Re2 b4 18. Rae1 Rab8 19. Ng3 Bxg3 20. fxg3 Ng6 21. Bf2 Rxe2 22. Rxe2 bxc3 23. bxc3 h5 24. Kh2 Kh7 (24... Qd3 $15) 25. Qe1 {[#]} (25. Re3 $11) 25... Nce7 $1 {[%mdl 512]} 26. Rxe7 (26. Be3 $15) 26... Nxe7 $17 27. Qxe7 Rb2 28. Qe1 {[#]} (28. g4 $17 {was necessary.} hxg4 29. hxg4 Qxg4 30. Kg1) 28... Qc2 $2 {[%mdl 32768] Precision: White =  9%, Black = 18%. . Loss on Time!?} ({Black should try} 28... Qe4 $1 $19 29. a4 Qxe1 30. Bxe1 Ra2) 0-1

[Event "RUS-chT Blitz Women 2018"]
[Site "Sochi"]
[Date "2018.10.10"]
[Round "8"]
[White "Pogonina, Natalija"]
[Black "Vifleemskaia, Svetlana"]
[Result "1/2-1/2"]
[WhiteElo "2485"]
[BlackElo "2030"]
[Annotator "TA"]
[PlyCount "95"]
[EventDate "2018.10.10"]
[EventType "swiss"]
[EventCountry "RUS"]
[SourceTitle "playchess.com"]
[Source "ChessBase"]
[SourceQuality "1"]

{[%evp 9,95,0,55,0,16,13,18,7,13,-7,-11,-33,12,4,18,25,126,-6,-11,-18,-23,-66,-41,-68,-83,-77,-82,-66,-58,-67,-28,-34,-25,-60,-64,-65,-37,-99,-39,-61,-65,-69,-40,-56,-66,-70,-45,-44,-33,-30,-24,-40,-39,-58,-35,-79,-55,-84,-83,-109,-102,-109,-103,-147,-135,-206,-190,-189,-183,-183,-132,-139,-138,-132,-116,-171,-139,-144,0,-164,0,-139,0,-158,0,-122,0,-127]} 1. d4 {[%cal Bd2d4,Bd4d5][%mdl 32]} Nc6 2. d5 Ne5 3. e4 e6 4. Nc3 (4. dxe6 dxe6 5. Qxd8+ Kxd8 6. f4 Nc6 7. c3 Bc5 8. Nf3 a5 9. a4 Nh6 10. Bd3 f6 11. Ke2 Ke7 12. Na3 Bd7 13. Nc4 Nf7 {½-½ (53) Gordon,S (2533)-Short,N (2687) Sheffield 2011}) 4... Bc5 5. Be2 d6 ({Better is} 5... exd5 $11 6. f4 (6. Nxd5 c6 $11) (6. exd5 Qh4 $11) (6. Qxd5 d6 $11) 6... Ng6) 6. Nf3 $146 {A40: Unusual replies to 1 d4} (6. f4 $14 Ng6 7. dxe6) ({Predecessor:} 6. Na4 Qh4 7. Nxc5 dxc5 8. Nf3 Qxe4 9. O-O Nf6 10. Nxe5 Qxe5 11. Bb5+ c6 12. dxc6 {1-0 (55) Gutierrez,F (2308)-Hung,D (2165) Merida 2008}) 6... Nxf3+ 7. Bxf3 Ne7 8. O-O a6 {[%cal Ba7a6,Ba6b5][%mdl 32]} 9. Na4 Ba7 10. c4 b5 11. cxb5 axb5 12. Nc3 Bd7 {[#]} (12... b4 $11 {remains equal.} 13. Qa4+ Bd7 14. Qxb4 Rb8) 13. b4 (13. e5 $1 $16) 13... e5 $11 14. Be2 Bd4 $36 {[%mdl 2048] Black is pushing.} 15. Bb2 Rb8 16. Rb1 O-O 17. Bd3 f5 18. exf5 Nxf5 19. Ne4 Qh4 20. Bxd4 Nxd4 21. Kh1 Ra8 {[#] ...Bg4 is the strong threat.} 22. Rb2 $1 Rf7 23. Ng3 (23. f3 $15) 23... g6 ({Black should try} 23... c5 $17 {Hoping for ...c4.} 24. bxc5 dxc5) 24. Ne4 Bf5 25. f3 Bd7 (25... Ra3 {is more complex.} 26. Bb1 Bxe4 27. Bxe4 Qf4 28. Rg1 Qe3) 26. Qe1 Qxe1 27. Rxe1 Ra7 28. Rc1 Kg7 29. Kg1 h6 30. Kf2 Rf8 31. Bb1 Rfa8 32. Rc3 Kf7 33. Ke3 Ke7 34. h4 Nf5+ 35. Kf2 Nxh4 36. Ng3 Nf5 37. Nxf5+ (37. Ne2 $17) 37... Bxf5 $19 ({But not} 37... gxf5 38. Rc1) 38. Bxf5 gxf5 $17 {[%mdl 4096] Endgame KRR-KRR} 39. Rbc2 Kd7 (39... Rxa2 $19 40. Rxc7+ Kf6) 40. Kg3 Rg8+ 41. Kh3 Rg5 42. g3 (42. Kh4 $17) 42... Rh5+ 43. Kg2 Rg5 44. Kh3 $1 Rh5+ 45. Kg2 Rg5 46. Kh3 $1 Rh5+ 47. Kg2 Rg5 48. Kh3 $1 {Precision: White = 38%, Black = 34%.} 1/2-1/2

[Event "RUS-chT Blitz Women 2018"]
[Site "Sochi"]
[Date "2018.10.10"]
[Round "8"]
[White "Ovod, Evgenija"]
[Black "Vasilevich, Tatjana"]
[Result "1-0"]
[WhiteElo "2363"]
[BlackElo "2360"]
[Annotator "TA"]
[PlyCount "99"]
[EventDate "2018.10.10"]
[EventType "swiss"]
[EventCountry "RUS"]
[SourceTitle "playchess.com"]
[Source "ChessBase"]
[SourceQuality "1"]

{[%evp 10,99,28,29,26,40,38,7,45,39,54,17,13,0,8,13,23,15,79,0,0,0,0,13,0,0,17,14,43,47,57,58,106,97,690,691,665,676,2126,2096,29994,269,330,257,1291,1255,5106,418,450,415,2836,466,2019,322,412,412,405,404,729,426,453,422,464,437,467,463,452,437,405,346,556,537,1415,1387,2221,2002,2790,2347,29954,5831,29973,29976,29986,29987,29987,29988,29988,29989,29989,29990,29991,29992]} 1. e4 c5 2. c3 e6 3. d4 d5 4. exd5 exd5 5. Nf3 a6 6. Bd3 Nc6 {B22: Sicilian: 2 c3} 7. dxc5 Bxc5 8. Nbd2 Nge7 {The position is equal.} 9. Nb3 Bb6 10. Qc2 $146 (10. O-O {is interesting.} O-O 11. Re1 Bc7 12. Be3 Re8 13. Bc5) ({Predecessor:} 10. O-O Qd6 11. Re1 Bg4 12. Be3 Bxe3 13. Rxe3 O-O-O 14. Nbd2 Kb8 {½-½ (61) Ponkratov,P (2499)-Dyachkov,S (2566) Dagomys 2008}) 10... Bg4 11. Be3 Bxe3 12. fxe3 Rc8 13. Qf2 Bf5 (13... Qb6 $11) 14. Rd1 ({Better is} 14. Ng5 $16 g6 {[#]} 15. g4 $1 {[%mdl 512]}) 14... O-O $11 15. O-O Bxd3 16. Rxd3 Qb6 17. Nbd4 Ng6 18. Nf5 Rcd8 19. Rfd1 Qb5 20. h4 {[%cal Bh2h4,Bh4h5][%mdl 32]} Qc5 21. h5 Nge5 $2 {[%mdl 8192]} (21... Nge7 $16 22. e4 Qxf2+ 23. Kxf2 Nxf5 24. exf5 d4) 22. Nxe5 $18 Nxe5 {[#]} 23. Qg3 $1 {[%csl Gf5,LRe5,LRg7][%cal Rg3g7][%mdl 512]} g6 24. Qxe5 {[%cal Rf5h6]} gxf5 25. Qxf5 $2 (25. Qg3+ {mates} Kh8 26. h6 Qxc3 27. bxc3 Rg8 28. Qe5+ f6 29. Qxf6+ Rg7 30. Qxg7#) 25... Rfe8 26. Rf1 $40 {[%mdl 128] White has strong attack.} ({Weaker is} 26. Rxd5 Rxd5 27. Rxd5 Qxe3+ 28. Qf2 Qe1+ 29. Qxe1 Rxe1+ 30. Kf2 Rb1 $16) 26... Qc7 $2 (26... Qe7 27. Qf4 (27. Rxd5 Rxd5 28. Qxd5 Qxe3+ 29. Kh1 Re7 $16) 27... Rf8 28. Qg4+ Kh8) 27. Qg5+ Kh8 28. Qf6+ (28. h6 $142 {[%csl Gh6][%cal Rg5g7]} Qe5 29. Rf5) 28... Kg8 29. h6 {[%csl Gh6][%cal Rf6g7]} Qg3 (29... Qe5 $142 30. Qxf7+ Kh8) 30. Qxf7+ Kh8 31. e4 $2 (31. Qf6+ Kg8 32. Rf5 Rf8 33. Rg5+ Qxg5 34. Qxg5+ Kf7 35. e4 Ke6 36. Rxd5 Rxd5 37. Qxd5+ Ke7 38. Qxb7+ Ke6 39. Qxh7) 31... Qg6 32. Qxg6 hxg6 33. exd5 {[%cal Be4d5,Bd5d6][%mdl 4128] Endgame KRR-KRR} Re2 (33... Rd7 $142 34. c4 Kh7) 34. Rf2 Re1+ 35. Kh2 Re5 36. d6 Rd7 37. g4 Kh7 38. Kg3 Kxh6 39. b4 {[%cal Bb2b4,Bb4c5,Bc5c6,Bc6c7][%mdl 32]} Kg5 $2 (39... b5 40. a4 Kg7 41. axb5 axb5) 40. c4 b6 41. Rc2 Re4 42. Rd5+ Kf6 43. c5 bxc5 44. bxc5 Ke6 45. Rd3 {White mates.} Rf7 46. c6 Rff4 47. d7 Rxg4+ 48. Kf2 Rgf4+ 49. Rf3 Ke7 50. c7 {Precision: White = 68%, Black = 27%.} 1-0

[Event "RUS-chT Blitz Women 2018"]
[Site "Sochi"]
[Date "2018.10.10"]
[Round "8"]
[White "Charochkina, Daria"]
[Black "Bodnaruk, Anastasia"]
[Result "1-0"]
[WhiteElo "2344"]
[BlackElo "2423"]
[Annotator "TA"]
[PlyCount "205"]
[EventDate "2018.10.10"]
[EventType "swiss"]
[EventCountry "RUS"]
[SourceTitle "playchess.com"]
[Source "ChessBase"]
[SourceQuality "1"]

{[%evp 13,205,0,0,0,9,12,17,19,36,31,43,22,75,47,60,43,51,35,34,36,54,37,57,51,153,132,185,169,182,112,103,109,149,159,238,115,241,242,265,237,239,256,312,61,114,110,114,118,112,-121,-127,-102,-41,-134,-125,-128,-49,-60,-60,-100,-34,-100,-78,-93,-56,-192,-203,-421,-422,-432,-413,-347,-208,-243,-236,-176,0,0,0,0,0,0,408,413,631,571,518,8,8,8,8,8,10,0,0,0,0,0,0,0,0,0,0,0,0,0,0,0,0,0,0,0,0,0,0,0,0,0,0,-2,-2,-2,0,0,0,0,0,0,0,0,0,0,0,0,0,0,0,0,0,0,0,0,0,0,0,0,0,0,0,0,0,0,0,0,0,0,0,0,0,0,0,0,0,0,0,0,0,0,0,0,0,0,0,0,0,0,0,0,0,0,0,0,0,0,0,0,0,0,0,0,0,0,0,-8]} 1. d4 d6 2. Bf4 g6 3. e3 Bg7 4. Nf3 Nf6 5. Be2 O-O 6. O-O b6 {A48: Königsindisch (ohne c2-c4)} (6... c5 7. c3 b6 8. h3 Bb7 9. Nbd2 Nbd7 10. a4 a6 11. Bh2 Ne4 12. Nxe4 Bxe4 13. Bd3 Bxd3 14. Qxd3 Qc7 15. Rfd1 Rfc8 16. Qe2 Qb7 17. e4 cxd4 18. cxd4 Rc7 19. e5 {1-0 (61) Vachier Lagrave,M (2779)-Grischuk,A (2766) Saint Louis 2018}) 7. Nbd2 Bb7 {LiveBook: 6 Partien} 8. a4 Nh5 $146 ({Vorgänger:} 8... a6 9. c3 Nbd7 10. h3 Ne4 11. Nxe4 Bxe4 12. Qb3 h6 13. Rfd1 c5 14. Nd2 Bc6 15. Bg3 Nf6 16. Qc2 Qc8 17. b4 cxb4 18. cxb4 Qb7 19. Bf1 Rfc8 {0-1 (99) Nguyen,T (2282)-Batchimeg,T (2395) Abu Dhabi 2016}) 9. Bg5 h6 10. Bh4 g5 11. Ne1 Nf6 12. Bg3 Nh7 (12... c5 $11 {hält das Gleichgewicht.}) 13. Nd3 a5 14. f4 f5 15. c3 (15. Bf3 {is interesting.} Nc6 16. Bd5+ Kh8 17. Be6 g4 18. d5) 15... e6 16. Bf3 Bxf3 17. Qxf3 Ra7 18. e4 $36 {[%mdl 2048] Schwarz steht unter Druck.} c6 (18... e5 $14) 19. Rae1 Raf7 (19... g4 $16 20. Qe2 Qd7 21. exf5 exf5) 20. exf5 exf5 21. Nc4 ({Günstiger ist} 21. Qh5 $18) 21... g4 22. Qe2 {Schwarz muss nun De6 beachten.} Kh8 23. Qe6 Rd7 (23... b5 $16) 24. d5 (24. Qg6 $18) 24... cxd5 (24... b5 $16 {kämpft weiter.}) 25. Qxd5 $18 Qc7 26. Re6 Nf6 27. Qb5 $1 Nc6 {[#]} 28. Qxb6 $2 ({Weniger gut wäre} 28. Nxb6 Rb8 $16) (28. Nde5 $1 $18 {[%mdl 512]} Nxe5 (28... dxe5 29. Rxc6) 29. fxe5) 28... Ne4 (28... Nd8 $14 29. Rxf6 Bxf6) 29. Qxc7 $16 Rxc7 30. Nxd6 Nd8 31. Nxe4 $2 (31. Rxe4 $1 $16 {und es läuft.} fxe4 32. Nxe4) 31... Nxe6 $17 32. Nef2 Rb8 {[#]} (32... Nc5 $17 33. Nxc5 Rxc5) 33. Re1 ({Besser ist} 33. Nxg4 $1 $15 {[%mdl 512]} Nc5 (33... fxg4 34. f5) 34. Nxc5 Rxc5 35. Ne5 Bxe5 36. fxe5) 33... Rc6 34. h3 h5 (34... gxh3 $17 35. gxh3 Bf6) 35. hxg4 hxg4 36. Bh4 {[#]} Kg8 (36... Nc5 $1 $17 37. Nxc5 Rxc5) 37. Nd1 (37. Ne5 $1 $15 Bxe5 38. Rxe5) 37... Nc5 38. Ne5 Re6 39. Bg3 (39. Ne3 $1 $15) 39... Nxa4 $19 40. Rf1 $2 (40. Re2 {ist wohl besser.}) 40... Nxb2 41. Ne3 a4 42. Nxf5 Bf6 (42... Bxe5 $142 43. fxe5 a3) 43. Nh6+ Kg7 44. Nhxg4 a3 $2 (44... Bxe5 $1 $19 45. Nxe5 a3) 45. f5 $11 Ra6 46. Nxf6 Rxf6 47. Nd7 Ra8 $2 {[%mdl 8192]} (47... Rb7 $11 {und Schwarz muss sich keine Sorgen machen.} 48. Nxf6 Kxf6) 48. Be5 $18 ({Lieber nicht} 48. Nxf6 Kxf6 49. Bh4+ Kf7 $15) 48... a2 (48... Kf7 $142) 49. Bxf6+ Kf7 50. c4 $2 (50. Ra1 $18) 50... a1=Q $11 {Die Stellung ist ausgeglichen.} 51. Rxa1 Rxa1+ {[%mdl 4096] Endspiel KTS-KLS} 52. Kh2 Rb1 (52... Ra2 {keeps more tension.} 53. c5 Nd3 54. Bh4 Ra7 55. c6 Rc7) 53. Bxb2 Rxb2 {KT-KS} 54. c5 {Droht c6 und aus.} Rc2 55. c6 {Und weiter mit Kh3 wäre nett.} Ke7 $1 56. f6+ Ke6 $1 57. Kh3 {Und g3 würde nun gewinnen.} Rxc6 {[#]} 58. f7 $1 {[%cal Rf7f8][%mdl 512]} Rc3+ (58... Kxf7 59. Ne5+) 59. Kg4 Kxf7 60. Ne5+ Kf6 61. Nf3 Ra3 62. Kg3 Kf5 63. Kf2 Kf4 64. g3+ Kg4 65. Ne5+ Kh3 66. Nf3 Ra2+ 67. Ke3 Kxg3 68. Nd4 Kg4 69. Kd3 Kf4 70. Ne6+ Ke5 71. Nc5 Ra1 72. Kc4 Rc1+ 73. Kb5 Kd5 74. Na6 Rb1+ 75. Ka5 Kc4 76. Nc7 Rb7 77. Na6 $1 Rb5+ 78. Ka4 Rb2 {[%cal Rb2a2]} 79. Ka5 $1 Rb7 80. Ka4 Rb6 {[%cal Rb6a6]} 81. Ka5 $1 Rc6 82. Nb4 Rc8 83. Na6 Rc6 84. Nb4 Rd6 85. Na6 Re6 86. Nb4 Re5+ 87. Ka4 Re1 88. Ka3 Re3+ 89. Ka4 Re8 90. Ka5 Re5+ 91. Ka4 Rf5 92. Na6 Re5 93. Nb4 Re1 {( -> ...Ta1+)} 94. Ka3 (94. Nc2 {looks sharper.} Re4 95. Na3+ Kc3+ 96. Ka5 Re1 97. Nb5+) 94... Re2 95. Na2 Rf2 96. Nc1 Rf1 97. Na2 Rb1 98. Ka4 Rb2 {[%cal Rb2a2]} 99. Ka3 $1 Rd2 100. Nc1 Rc2 101. Na2 $1 Rf2 102. Nc1 Rf6 103. Na2 {[%mdl 32768] Precision: Weiß = 62%, Schwarz = 52%. . Loss on Time!?} 1-0

[Event "RUS-chT Blitz Women 2018"]
[Site "Sochi"]
[Date "2018.10.10"]
[Round "8"]
[White "Tomilova, Elena"]
[Black "Belenkaya, Dina"]
[Result "0-1"]
[WhiteElo "2328"]
[BlackElo "2329"]
[Annotator "TA"]
[PlyCount "76"]
[EventDate "2018.10.10"]
[EventType "swiss"]
[EventCountry "RUS"]
[SourceTitle "playchess.com"]
[Source "ChessBase"]
[SourceQuality "1"]

{[%evp 16,75,15,23,22,0,2,-2,15,-21,-15,-37,-26,-26,-27,-70,-39,-51,-36,-50,-32,-34,-43,-51,-14,-22,0,0,0,-9,0,-30,-25,-126,-129,-137,-136,-302,-166,-163,-167,-272,-176,-175,-176,-642,-640,-1369,-1368,-2076,-2178,-29984,-5951,-29994,-29995,-29995,-29996,-29996,-29997,-29997,-29998,-29999]} 1. c4 e5 2. g3 Bc5 3. Bg2 Nc6 4. Nc3 a6 5. e3 d6 6. Nge2 {A25: English Opening vs King's Indian with ...Nc6 but without early d3} (6. Nf3 Nf6 7. O-O O-O 8. h3 Ba7 9. d4 h6 10. dxe5 dxe5 11. Qxd8 Rxd8 12. b3 Be6 13. Ba3 Rd7 14. Rfd1 Rad8 15. Rxd7 Rxd7 {½-½ (41) Howell,D (2676)-Ponomariov,R (2694) Riadh 2017}) 6... Nge7 7. a3 O-O (7... Ba7 8. h3 Be6 9. Nd5 Qd7 10. Nec3 Nd8 11. Nxe7 Qxe7 12. b3 Qd7 13. Bb2 {0-1 (35) Tomilova,E (2300)-Belenkaya,D (2290) Sochi 2017}) 8. O-O Ba7 9. b4 {LiveBook: 16 Games} Bf5 10. d3 Qd7 11. Rb1 $146 ({Predecessor:} 11. Re1 Bh3 12. Bh1 Nf5 13. b5 axb5 14. cxb5 {0-1 (62) Garcia,J (2404)-Torre,E (2491) Manila 2011}) 11... Bh3 12. b5 axb5 {Hoping for ...Bxg2.} 13. Nxb5 Bxg2 14. Kxg2 Bb6 15. Bb2 d5 16. Qc2 Rfd8 17. Rfd1 Qf5 18. c5 Ba5 $36 {[%mdl 2048] Black has the initiative.} 19. f4 exf4 20. Nxf4 Ng6 21. Rf1 Nxf4+ 22. Rxf4 Qe6 23. Qf2 Re8 24. e4 (24. Rf3 $11) 24... dxe4 $17 25. Rxe4 Qd5 26. Qf3 $2 (26. Rf1 $17) 26... Rxe4 ({Not} 26... Qxc5 27. Rf1 $15) (26... Qa2 $142 27. Qf1 Rxe4 28. dxe4 Rd8) 27. Qxe4 $19 Qxc5 {[#] aiming for ...Qc2+.} 28. Qg4 (28. Nd4 $142) 28... Ne5 29. Bxe5 Qxe5 30. d4 $2 (30. Qe4 Qc5 31. d4) 30... Qd5+ 31. Qf3 Qa2+ 32. Kh3 Qxb1 33. Qxb7 Re8 (33... Qf5+ $142 34. Kg2 Re8 35. Qf3 Qxb5 36. Kh3 Bb6 37. a4 Qxa4 38. Qb7 Qd7+ 39. Kg2 Re2+ 40. Kf3 Qb5 41. Qa8+ Re8 42. Qa2 Qh5+ 43. Kg2 Re2+ 44. Qxe2 Qxe2+ 45. Kh3 h5 46. d5 g5 47. g4 Qxg4#) 34. Qc6 Qf5+ {Black mates.} 35. g4 Qd3+ 36. Kh4 Be1+ 37. Kg5 h6+ 38. Kh5 Qh3# {Precision: White = 23%, Black = 32%.} 0-1